| 000 | 00639nam a2200205 a 4500 | ||
|---|---|---|---|
| 005 | 20210223120700.0 | ||
| 008 | 991125s1944 mx 000 0 spa u | ||
| 035 | _aUPN01000005385 | ||
| 049 | _aCG | ||
| 050 | 4 |
_aF2537 _bB3.2 |
|
| 100 | 1 |
_aBarbosa, Ruy, _d1849-1923 |
|
| 245 | 1 | 0 |
_aBarbosa / _c[Ruy Barbosa] ; pról. y selec. de Renato de Mendonca. |
| 260 |
_aMéxico : _bSEP, _c1944. |
||
| 300 | _axxxii, 251 p. | ||
| 440 | 3 |
_aEl pensamiento de América ; _v14 |
|
| 520 | _aTambién disponible en la Colección Medina | ||
| 600 | 1 | 4 |
_aBARBOSA, RUY, _d1849-1923 |
| 700 | 1 |
_aMendonca, Renato de, _d1912-1990 _ecomp. _935157 |
|
| 905 | _aLibro | ||
| 999 |
_c5385 _d5385 |
||